| 000 | 00351nam a2200133Ia 4500 | ||
|---|---|---|---|
| 008 | 240624s9999 xx 000 0 und d | ||
| 041 | _aeng | ||
| 082 | _a658.4 YOU | ||
| 100 | _aYOUNG SCOTT T | ||
| 245 | _aSUSTAINABILITY ESSENTIALS FOR BUSINESS | ||
| 260 |
_c2013 _aLondon _bSage Publications |
||
| 300 | _axix, : 415 : p. : cm. ; 25 | ||
| 365 |
_c _b38 |
||
| 999 |
_c21869 _d21869 |
||